Analýza látok znečisťujúcich životné prostredie Zborník prednášok. Tatranská Lomnica, 18.-20.5.1988

Salvato in:
Dettagli Bibliografici
Natura: Libro
Lingua:slovacco
Pubblicazione: Žilina Dom techn. ČSVTS 1988
Edizione:1. vyd.
Tags: Aggiungi Tag
Nessun Tag, puoi essere il primo ad aggiungerne!!

MARC

LEADER 00000nam a2200000 4500
001 c034204
005 20251104104749.8
041 0 |a slo 
044 |a SK 
245 1 0 |a Analýza látok znečisťujúcich životné prostredie  |b Zborník prednášok. Tatranská Lomnica, 18.-20.5.1988 
250 |a 1. vyd. 
264 1 |a Žilina  |b Dom techn. ČSVTS  |c 1988 
300 |a 293 s.